It looks like you're offline.
Open Library logo
additional options menu

MARC record from Internet Archive

LEADER: 01231cam a2200325 a 4500
001 2008016040
003 DLC
005 20090831131550.0
008 080408s2008 nyu b 000 1 eng
010 $a 2008016040
020 $a9780143039471
020 $a0143039474
035 $a(OCoLC)ocn221962330
035 $a(OCoLC)221962330$z(OCoLC)144519808
040 $aDLC$cDLC$dYDX$dBAKER$dBTCTA$dYDXCP$dDLC
043 $an-us-ca
050 00 $aPS3537.T3234$bS9 2008
082 00 $a813/.52$222
100 1 $aSteinbeck, John,$d1902-1968.
245 10 $aSweet Thursday /$cJohn Steinbeck ; introduction by Robert Demott.
260 $aNew York :$bPenguin Books,$c2008.
300 $axxxvi, 249 p. ;$c20 cm.
440 0 $aPenguin classics
500 $aSequel to: Cannery Row.
504 $aIncludes bibliographical references (p. [xxvii]-xxxii).
651 0 $aMonterey (Calif.)$vFiction.
655 7 $aHumorous fiction.$2gsafd
856 41 $3Table of contents only$uhttp://www.loc.gov/catdir/toc/ecip0815/2008016040.html
856 42 $3Contributor biographical information$uhttp://www.loc.gov/catdir/enhancements/fy0838/2008016040-b.html
856 42 $3Publisher description$uhttp://www.loc.gov/catdir/enhancements/fy0838/2008016040-d.html